Особенности биоэлектрической активности мышц при исследовании точности дозированных усилий у спортсменов; Вестник науки Сибири; № 4 (14)

Detalles Bibliográficos
Parent link:Вестник науки Сибири: электронный научный журнал/ Томский политехнический университет (ТПУ).— , 2011-.— 2226-0064
№ 4 (14).— 2014.— [С. 234-240]
Autor principal: Илларионова А. В.
Sumario:Заглавие с титульного листа
Исследовалась биоэлектрическая активность мышц в ходе оценки точности дозированных усилий у спортсменов как фактора межмышечной координации. Исследование точности дозированных усилий выполнялось на многофункциональном аппарате "HUBER". Было сформировано две группы исследуемых: группа (кандидаты в мастера спорта по лыжам) и контрольная (группа мужчин, не занимающихся спортом). Полученные результаты позволяют предполагать, что важным фактором развития координационных способностей у квалифицированных спортсменов является формирование межмышечной координации, что проявляется в способности дозировать мышечные усилия и распределять нагрузку между мышцами при выполнении сложно-координированных действий. Наряду с этим было отмечено, что в обеих группах точность воспроизведения тестового усилия снижается от положения А к положению В, что сопровождается увеличением числа многофазных электромиограмм (ЭМГ) и снижением числа электромиограмм с наличием высокоамплитудных гиперсинхронных потенциалов. Это может быть обусловлено снижением прилагаемых усилий в результате утомления.
Lenguaje:ruso
Publicado: 2014
Colección:Медицинские технологии
Materias:
Acceso en línea:http://earchive.tpu.ru/handle/11683/16640
Formato: MixedMaterials Electrónico Capítulo de libro
KOHA link:https://koha.lib.tpu.ru/cgi-bin/koha/opac-detail.pl?biblionumber=539928

MARC

LEADER 00000naa2a2200000 4500
001 539928
005 20231101114450.0
035 |a (RuTPU)RU\TPU\prd\229793 
035 |a RU\TPU\prd\229788 
090 |a 539928 
100 |a 20150119d2014 k y0rusy50 ca 
101 0 |a rus 
102 |a RU 
135 |a drcn ---uucaa 
181 0 |a i  
182 0 |a b 
200 1 |a Особенности биоэлектрической активности мышц при исследовании точности дозированных усилий у спортсменов  |f А. В. Илларионова 
203 |a Текст  |c электронный 
215 |a 1 файл (693 Кб) 
225 1 |a Медицинские технологии 
230 |a Электронные текстовые данные (1 файл : 693 Кб) 
300 |a Заглавие с титульного листа 
320 |a [Библиогр.: с. 239-240 (6 назв.)] 
330 |a Исследовалась биоэлектрическая активность мышц в ходе оценки точности дозированных усилий у спортсменов как фактора межмышечной координации. Исследование точности дозированных усилий выполнялось на многофункциональном аппарате "HUBER". Было сформировано две группы исследуемых: группа (кандидаты в мастера спорта по лыжам) и контрольная (группа мужчин, не занимающихся спортом). Полученные результаты позволяют предполагать, что важным фактором развития координационных способностей у квалифицированных спортсменов является формирование межмышечной координации, что проявляется в способности дозировать мышечные усилия и распределять нагрузку между мышцами при выполнении сложно-координированных действий. Наряду с этим было отмечено, что в обеих группах точность воспроизведения тестового усилия снижается от положения А к положению В, что сопровождается увеличением числа многофазных электромиограмм (ЭМГ) и снижением числа электромиограмм с наличием высокоамплитудных гиперсинхронных потенциалов. Это может быть обусловлено снижением прилагаемых усилий в результате утомления. 
337 |a Adobe Reader 
461 1 |0 (RuTPU)RU\TPU\prd\143680  |x 2226-0064  |t Вестник науки Сибири  |o электронный научный журнал  |f Томский политехнический университет (ТПУ)  |d 2011- 
463 1 |0 (RuTPU)RU\TPU\prd\229694  |t № 4 (14)  |v [С. 234-240]  |d 2014 
610 1 |a труды учёных ТПУ 
610 1 |a электронный ресурс 
610 1 |a биоэлектрическая активность 
610 1 |a мышцы 
610 1 |a спортсмены 
610 1 |a электромиограммы 
610 1 |a координация 
700 1 |a Илларионова  |b А. В. 
801 1 |a RU  |b 63413507  |c 20090623  |g PSBO 
801 2 |a RU  |b 63413507  |c 20180112  |g PSBO 
856 4 |u http://earchive.tpu.ru/handle/11683/16640 
942 |c BK